000 00362nam a2200133Ia 4500
008 231129s9999||||xx |||||||||||||| ||spa||
020 _a84-01-33117-X
040 _bspa
082 _a956.94 G527e
100 _aGironella Jose Maria
245 0 _aEl escandalo de Tierra Santa
264 _aPlaza y Janes
942 _2ddc
_cBKS
999 _c10989
_d10989